000 00534nam a2200169 a 4500
001 000047641
005 20201002060642.0
008 130425s1997 dr 000 0 spa d
040 _aDO-SdBNP
_bspa
_cBNPHU
082 _a343.7293
110 1 _aRepública Dominicana
_9447
240 1 0 _a[Leyes, etc.]
245 1 0 _aLey No. 241 de tránsito de vehículos :
_bG.O. No. 9068, de enero 1968 con sus modificaciones.
260 _aSanto Domingo :
_bEditora Tavárez,
_c1997.
300 _a146 p. ;
_c21 cm.
590 _aInventariado, 2018/VM
999 _c47129
_d47129